Logo CIB grande

FUENTES DE RECURSOS DE NUESTRO PLANETA (Registro nro. 203178)

Detalles MARC
000 -LEADER
campo de control de longitud fija 00606nam a2200241Ia 4500
005 - FECHA Y HORA DE LA ÚLTIMA TRANSACCIÓN
campo de control 20250425161134.0
008 - DATOS DE LONGITUD FIJA--INFORMACIÓN GENERAL
campo de control de longitud fija 250425s9999 xx 000 0 und d
041 ## - CÓDIGO DE IDIOMA
Código de lengua del texto/banda sonora o título independiente spa
082 ## - NÚMERO DE LA CLASIFICACIÓN DECIMAL DEWEY
Número de clasificación 333
010 ## - NÚMERO DE CONTROL DE LA BIBLIOTECA DEL CONGRESO
Número de control de LC 13532
100 ## - ENTRADA PRINCIPAL--NOMBRE DE PERSONA
Nombre de persona PARK, CHARLES F
245 #0 - MENCIÓN DEL TÍTULO
Título FUENTES DE RECURSOS DE NUESTRO PLANETA
250 ## - MENCION DE EDICION
Mención de edición 1A ED.
260 ## - PUBLICACIÓN, DISTRIBUCIÓN, ETC.
Lugar de publicación, distribución, etc. Argentina
Nombre del editor, distribuidor, etc. MARYMAR
Fecha de publicación, distribución, etc. 1975
260 ## - PUBLICACIÓN, DISTRIBUCIÓN, ETC.
Lugar de publicación, distribución, etc. BUENOS AIRES
300 ## - DESCRIPCIÓN FÍSICA
Extensión 374
500 ## - NOTA GENERAL
Nota general Título Traducido: EARTH RESOURCES
650 ## - PUNTO DE ACCESO ADICIONAL DE MATERIA--TÉRMINO DE MATERIA
Término de materia o nombre geográfico como elemento de entrada FERTILIZANTES
650 ## - PUNTO DE ACCESO ADICIONAL DE MATERIA--TÉRMINO DE MATERIA
Término de materia o nombre geográfico como elemento de entrada MINERALES
650 ## - PUNTO DE ACCESO ADICIONAL DE MATERIA--TÉRMINO DE MATERIA
Término de materia o nombre geográfico como elemento de entrada POLIMEROS SINTETICOS
700 ## - ENTRADA AGREGADA--NOMBRE PERSONAL
Nombre de persona LANDES, DANIEL
Término indicativo de función/relación traductor
942 ## - ELEMENTOS DE ENTRADA SECUNDARIOS (KOHA)
Tipo de ítem Koha Libros
Existencias
Estatus retirado Estado de pérdida Fuente de la clasificación o esquema de estantería Estado de daño No para préstamo Biblioteca de origen Biblioteca actual Fecha de adquisición Coste, precio normal de compra Etiqueta RFID Total de préstamos Signatura topográfica completa Código de barras Copia número Tipo de ítem Koha Nota pública
    Clasificación Decimal Dewey     CENTRO DE INFORMACIÓN BIBLIOTECARIA CENTRO DE INFORMACIÓN BIBLIOTECARIA 19/10/2011 10.00 0000000000000000036108   333 D-68613 2 Libros FICT. ESPOL

Copyright 2025 ESPOL. Todos los derechos reservados.